| 000 | 00705nas a2200217 4500 | ||
|---|---|---|---|
| 001 | BR9502111 | ||
| 003 | BR-BrBNA | ||
| 005 | 20231205094320.0 | ||
| 007 | ta | ||
| 008 | 230509b bl.|||p| |||| 00| 00por d | ||
| 040 |
_aBR-BrBNA _bpor _cBiblioteca Nacional de Agricultura |
||
| 041 | _a(Pt) | ||
| 072 | _aQ04 | ||
| 100 | 1 | _aCastelo, F.P. | |
| 245 | 1 | _aAproveitamento racional de pescado de agua doce da Amazonia. 2. avaliacao do frescor da matrinxa (Brycon sp.)em gelo | |
| 650 | _aMatrinxa | ||
| 650 | _aAnalise de Alimento | ||
| 773 | 0 |
_tActa Amazonica (Brazil) _xISSN 0044-5967 _g(Jul-Sep 1992), v. 22(3) p. 449-460 _wBR9502111 |
|
| 909 |
_a202311 _bLúcia _c55 _dLúcia Elande |
||
| 942 |
_2AGRIS _n0 _cANA |
||
| 999 |
_c143518 _d143518 |
||